Návrh opatrení v oblasti riadenia pracovného výkonu zamestnancov v podniku Delphi Slovensko, s.r.o.

Na minha lista:
Detalhes bibliográficos
Autor principal: Šustková, Marika (Author)
Outros Autores: Homokyová, Mária (Thesis advisor)
Formato: Manuscrito Livro
Idioma:eslovaco
Publicado em: 2015
Assuntos:
Acesso em linha:http://is.stuba.sk/zp/portal_zp.pl?podrobnosti=120971
Tags: Adicionar Tag
Sem tags, seja o primeiro a adicionar uma tag!

MARC

LEADER 00000ntm a22000003a 4500
001 stuzp50588
003 SK-STU
005 20160719153612.3
007 ta
008 150427s2015----xo-----f-mn---000-0-slo-d
040 |a STU  |b slo 
041 0 |a slo 
100 1 |a Šustková, Marika  |u 064000  |4 aut  |U MTF Materiálovotechnologická fakulta  |T MTF Ústav priemyselného inžinierstva a manažmentu  |X 46823  |U M4000  |Y 84  |7 46823 
242 0 1 |a Suggested solutions in managing of employees’ performance in Delphi Slovakia, LTD  |y eng 
245 1 0 |a Návrh opatrení v oblasti riadenia pracovného výkonu zamestnancov v podniku Delphi Slovensko, s.r.o. 
260 |c 2015 
650 4 |a pracovný výkon zamestnancov  |2 slo 
650 4 |a ľudské zdroje  |2 slo 
650 4 |a riadenie výkonu  |2 slo 
650 4 |a performance managing  |2 eng 
650 4 |a performance of employees  |2 eng 
650 4 |a human resources  |2 eng 
700 1 |a Homokyová, Mária  |4 ths  |X 2756  |7 A000002756 
856 4 |u http://is.stuba.sk/zp/portal_zp.pl?podrobnosti=120971 
996 |c M* BP-7378  |l MMSKP  |s P  |a 0  |w stuzp50588_0001 
SQL |a stuzp50588  |b DBP  |c SLO  |d Návrh opatrení v oblasti riadenia pracovného výkonu zamestnancov v podniku Delphi Slovensko, s.r.o.  |e 46823  |f Šustková, Marika  |g 064000  |h 2756  |i Homokyová, Mária  |j 20150623  |k 173  |l 06  |m http://is.stuba.sk/zp/portal_zp.pl?podrobnosti=120971  |n B-PPP  |o 5.2.52. priemyselné inžinierstvo